Como elaborar un proyecto: guía para diseñar proyectos sociales y culturales
Na minha lista:
| Main Authors: | , |
|---|---|
| Formato: | Livro |
| Idioma: | espanhol |
| Publicado em: |
Buenos Aires
Humanitas-ICSA
1991
|
| Assuntos: | |
| Tags: |
Adicionar Tag
Sem tags, seja o primeiro a adicionar uma tag!
|
MARC
| LEADER | 00000nam a2200000 a 4500 | ||
|---|---|---|---|
| 001 | UCX4989 | ||
| 003 | CL-VaPUC | ||
| 008 | 920820e19910000AG |||||||||||||||||spa|d | ||
| 082 | 0 | 4 | |a 361.2 |b AND |2 21 |
| 100 | |a Ander-Egg, Ezequiel |e autor |9 563263 | ||
| 700 | 0 | |a Aguilar, María José |e author |9 321301 | |
| 245 | 1 | 0 | |a Como elaborar un proyecto: guía para diseñar proyectos sociales y culturales |
| 300 | |a 54 p | ||
| 942 | |c BK | ||
| 945 | |d 19920820 00:00:00 | ||
| 260 | |a Buenos Aires |b Humanitas-ICSA |c 1991 | ||
| 650 | 0 | |a Métodos de investigación |9 262618 | |
| 650 | 7 | |a ELABORACION DE PROYECTOS |2 CL-VaPUC |9 263839 | |
| 583 | |a last modification |c 20121104 08:46:35 |k Rodrigo Vera | ||
| 999 | |c 225349 |d 225347 | ||
| 952 | |0 0 |1 0 |4 0 |6 361_200000000000000_AND_1991 |7 0 |8 R |9 222810 |a BIBGIM |b BIBGIM |d 2019-11-15 |i 2915677 |o 361.2 AND 1991 |p 2915677 |r 2025-01-15 |w 2019-11-15 |y BK_R |k SSL | ||
| 952 | |0 0 |1 0 |4 0 |6 361_200000000000000_AND_1991 |7 0 |8 R |9 222811 |a BIBGIM |b BIBGIM |d 2019-11-15 |i 2915685 |o 361.2 AND 1991 |p 2915685 |r 2025-01-15 |w 2019-11-15 |y BK_R |k SSL | ||